[Event "SUI-ch U12"]
[Site "Naefels"]
[Date "2024.05.17"]
[Round "1"]
[White "Tkhoruk, Roman"]
[Black "Mallipudi, Jovin Nimaikarthik"]
[Result "1-0"]
[WhiteElo "1905"]
[BlackElo "1608"]
[PlyCount "77"]
[EventDate "2024.05.17"]
[EventType "swiss"]
[EventRounds "7"]
[EventCountry "SUI"]
[SourceTitle "EXT 2025"]
[Source "ChessBase"]
[SourceDate "2024.10.14"]
[SourceVersion "1"]
[SourceVersionDate "2024.10.14"]
[SourceQuality "1"]

1. e4 e5 2. Nf3 Nc6 3. Bc4 Bc5 4. c3 Nf6 5. d3 h6 6. h3 d6 7. 0-0 0-0 8. a4 a6 9. Be3 Ba7 10. Nbd2 Qe7 11. Qc2 Be6 12. b4 Rfd8 13. Bxe6 Qxe6 14. b5 Ne7 15. c4 axb5 16. axb5 Bxe3 17. fxe3 Rdc8 18. Nb3 c6 19. bxc6 bxc6 20. Rxa8 Rxa8 21. Ra1 Rxa1+ 22. Nxa1 Qd7 23. c5 d5 24. Nxe5 Qe6 25. Qb2 dxe4 26. Qb8+ Kh7 27. d4 Nf5 28. Qb3 Nd5 29. Nc2 Ndxe3 30. Qxe6 fxe6 31. Nxe3 Nxe3 32. Nxc6 Kg6 33. Ne5+ Kf6 34. Ng4+ Nxg4 35. hxg4 Ke7 36. Kf2 Kd7 37. Ke3 Kc6 38. Kxe4 Kd7 39. Ke5 1-0